<?xml version="1.0" encoding="UTF-8"?>
<collection xmlns="http://www.loc.gov/MARC21/slim">
 <record>
  <leader>01818nam a2200205Ia 4500</leader>
  <controlfield tag="001">CTU_140709</controlfield>
  <controlfield tag="008">210402s9999    xx            000 0 und d</controlfield>
  <datafield tag="020" ind1=" " ind2=" ">
   <subfield code="c">61000</subfield>
  </datafield>
  <datafield tag="082" ind1=" " ind2=" ">
   <subfield code="a">813.52</subfield>
  </datafield>
  <datafield tag="082" ind1=" " ind2=" ">
   <subfield code="b">O.11</subfield>
  </datafield>
  <datafield tag="100" ind1=" " ind2=" ">
   <subfield code="a">O’Hara, John</subfield>
  </datafield>
  <datafield tag="245" ind1=" " ind2="0">
   <subfield code="a">Hẹn gặp ở Samarra</subfield>
  </datafield>
  <datafield tag="245" ind1=" " ind2="0">
   <subfield code="c">John O’Hara; Người dịch Hồng Vân</subfield>
  </datafield>
  <datafield tag="260" ind1=" " ind2=" ">
   <subfield code="a">Thành phố Hồ Chí Minh</subfield>
  </datafield>
  <datafield tag="260" ind1=" " ind2=" ">
   <subfield code="b">Văn hóa Sài Gòn</subfield>
  </datafield>
  <datafield tag="260" ind1=" " ind2=" ">
   <subfield code="c">2008</subfield>
  </datafield>
  <datafield tag="520" ind1=" " ind2=" ">
   <subfield code="a">Tác phẩm tái hiện một cách tài tình, sống động bi kịch cá nhân cũng như những mâu thuẫn cay đắng trong cuộc sống ở một tỉnh lẻ trong nửa đầu thế kỷ 20. Mùa Giáng sinh năm 1930, giới quý tộc ở Gibbsville tiệc tùng và khiêu vũ, các dàn nhạc chơi đến sáng và rượu tuôn chảy suốt đêm. Nổi bật nhất là cặp vợ chồng trẻ Julian và Caroline English. Nhưng trong một giây phút bộc phát lúc say rượu, Julian đã hắt một ly rượu vào mặt một cổ đông lớn của công ty do Julian giữ vai trò chủ tịch.  Julian đã phá vỡ trật tự của giới này rồi bắt đầu đoạn trượt dài dẫn đến việc tự hủy hoại mình chỉ trong vòng 48 giờ... Hẹn gặp ở Samarra luôn nằm trong danh sách 100 tiểu thuyết hay nhất mọi thời đại của New York Times và một số tờ báo có uy tín khác. Theo Báo Người lao động</subfield>
  </datafield>
  <datafield tag="650" ind1=" " ind2=" ">
   <subfield code="a">Self-destructive behavior,Married people,Ethnic relations,Bi kịch cá nhân</subfield>
  </datafield>
  <datafield tag="904" ind1=" " ind2=" ">
   <subfield code="i">Năm</subfield>
  </datafield>
  <datafield tag="980" ind1=" " ind2=" ">
   <subfield code="a">Trung tâm Học liệu Trường Đại học Cần Thơ</subfield>
  </datafield>
 </record>
</collection>
